| 000 | 01680nam a2200349 a 4500 | ||
|---|---|---|---|
| 001 | ebr10498863 | ||
| 003 | CaPaEBR | ||
| 006 | m u | ||
| 007 | cr cn||||||||| | ||
| 008 | 100310s2009 nyub sb 001 0 eng d | ||
| 010 | _z 2010275855 | ||
| 020 | _z193271460X | ||
| 020 | _z9781932714609 | ||
| 020 | _z9781611210415 (e-book) | ||
| 040 |
_aCaPaEBR _cCaPaEBR |
||
| 035 | _a(OCoLC)763157014 | ||
| 043 | _an-us-va | ||
| 050 | 1 | 4 |
_aG1294.M25S5 _bG6 2009eb |
| 100 | 1 | _aGottfried, Bradley M. | |
| 245 | 1 | 4 |
_aThe maps of First Bull Run _h[electronic resource] : _ban atlas of the First Bull Run (Manassas) Campaign, including the Battle of Ball's Bluff, June-October 1861 / _cBradley M. Gottfried. |
| 250 | _a1st ed. | ||
| 260 |
_aNew York : _bSavas Beatie, _cc2009. |
||
| 300 |
_aix, 134 p. : _b51 col. maps. |
||
| 504 | _aIncludes bibliographical references and index. | ||
| 505 | 0 | _apt. 1. Maps of First Bull Run/Manassas -- Preliminary movements -- Skirmish at Blackburn's Ford (July 18) -- Bull Run preliminaries -- Matthews Hill Fight -- Henry Hill Fight -- Chinn Ridge -- Blackburn's Ford -- The federal retreat -- pt. 2. August-September 1861 -- pt. 3. Ball's Bluff. | |
| 533 |
_aElectronic reproduction. _bPalo Alto, Calif. : _cebrary, _d2011. _nAvailable via World Wide Web. _nAccess may be limited to ebrary affiliated libraries. |
||
| 650 | 0 |
_aBull Run, 1st Battle of, Va., 1861 _vMaps. |
|
| 650 | 0 |
_aBall's Bluff, Battle of, Va., 1861 _vMaps. |
|
| 655 | 7 |
_aElectronic books. _2local |
|
| 710 | 2 | _aebrary, Inc. | |
| 856 | 4 | 0 |
_uhttp://site.ebrary.com/lib/rucke/Doc?id=10498863 _zAn electronic book accessible through the World Wide Web; click to view |
| 999 |
_c132368 _d132368 |
||